[Event "Olympiad Women 2024"]
[Site "Budapest HUN"]
[Date "2024.09.20"]
[Round "9.18"]
[Board "4"]
[White "Allam, Yara"]
[Black "Walter, Ema"]
[Result "0-1"]
[WhiteElo "1920"]
[BlackElo "2055"]
[PlyCount "84"]
[EventDate "2024.09.11"]
[WhiteTeam "Egypt"]
[BlackTeam "Slovakia"]
[WhiteTeamCountry "EGY"]
[BlackTeamCountry "SVK"]

1. e4 e5 2. Nf3 Nc6 3. Bc4 Bc5 4. c3 Nf6 5. d3 d6 6. Nbd2 a5 7. a4 O-O 8. O-O Ba7 9. Re1 Be6 10. Qb3 $146 ({RR} 10. Bb5 Ne7 11. d4 Ng6 12. Nf1 c6 13. Bd3 h6 14. Ng3 Re8 15. h3 Qc7 16. Be3 Bb6 17. Qd2 Rad8 18. Bxh6 gxh6 19. Qxh6 Qe7 20. Nf5 Qf8 21. Qg5 Nh7 22. Qg3 Kh8 23. h4 Bxf5 24. exf5 Nf4 {0-1 Hemam,M (1977)-Rose,F (2091) Titled Tue 5th Mar Late 2024 (4)}) ({RR} 10. Bb5 Ne7 11. Ng5 Bg4 12. Qc2 Ng6 13. h3 Bd7 14. Bc4 Nh5 15. Nf1 Nhf4 16. Nf3 Kh8 17. b4 f5 18. Ng3 fxe4 19. dxe4 Nxh3+ 20. gxh3 Rxf3 21. Be3 Bxe3 22. Rxe3 Rxe3 23. fxe3 Qg5 24. Kh2 Rf8 {0-1 Dias,S (2102)-Silva,L (2248) Titled Tue 11th Jun Late 2024 (6)}) 10... Qd7 11. Nf1 h6 12. Ng3 Kh7 13. Be3 Bxe3 14. Rxe3 Rae8 15. Ree1 b6 16. Qb5 d5 17. exd5 Bxd5 18. Bxd5 Qxd5 19. Qxd5 Nxd5 20. Nf5 g6 21. Ne3 Nf4 22. Rad1 Rd8 23. d4 exd4 24. Nxd4 Nxd4 25. cxd4 Rfe8 26. g3 Ne6 27. Nc2 Rd5 28. Rc1 Red8 29. f4 R8d7 30. Ne3 Rxd4 31. Ng4 Kg7 32. Ne5 R7d5 33. Rc6 Rc5 34. b3 Rxc6 35. Nxc6 Rd3 36. g4 Nxf4 37. Re7 Rd1+ 38. Kf2 Ne6 39. Ne5 Kf6 40. Rd7 Rxd7 41. Nxd7+ Ke7 42. Ne5 Nd4 0-1

[Event "Olympiad Women 2024"]
[Site "Budapest HUN"]
[Date "2024.09.20"]
[Round "9.19"]
[Board "1"]
[White "Maksimovic, Masa"]
[Black "Rogule, Laura"]
[Result "0-1"]
[WhiteElo "2093"]
[BlackElo "2248"]
[PlyCount "76"]
[EventDate "2024.09.11"]
[WhiteTeam "Bosnia & Herzegovina"]
[BlackTeam "Latvia"]
[WhiteTeamCountry "BIH"]
[BlackTeamCountry "LAT"]

1. e4 c5 2. Nf3 Nc6 3. d4 cxd4 4. Nxd4 Nf6 5. Nc3 d6 6. Be2 e5 7. Nf3 h6 8. O-O Be7 9. Re1 O-O 10. Bf1 Bg4 11. h3 Bh5 12. g4 Bg6 13. Nh4 Bxe4 14. Nxe4 Nxe4 15. Nf5 Nf6 $146 ({RR} 15... d5 16. Bg2 Bb4 17. c3 Bc5 18. Bxe4 dxe4 19. Qe2 Qd3 20. Qxe4 Rfd8 21. Qxd3 Rxd3 22. Be3 Bxe3 23. Nxe3 Rad8 {½-½ Vargic,D (2314)-Jankovic,A (2480) Djakovo op-A 2005 (9)}) ({RR} 15... d5 16. Nxe7+ Nxe7 17. c4 Qb6 18. Qe2 Ng6 19. cxd5 Ng3 20. Qe3 Nxf1 21. Qxb6 axb6 22. Kxf1 Rfd8 23. Rd1 Rd6 24. Be3 Ra5 25. b4 Raxd5 26. Rxd5 Rxd5 27. Bxb6 Nf4 28. a4 Rd3 29. Be3 Nd5 30. b5 {1-0 Olivier,J (2348)-Bianchi,T (1886) Vaujany op-A 6th 2015 (1)}) ({RR} 15... Ng5 16. Bg2 Qc7 17. c3 Rad8 18. Qd5 Nh7 19. f4 Nf6 20. Qb3 Rfe8 21. g5 Na5 22. Qa4 hxg5 23. fxg5 Nh7 24. Qg4 g6 25. Nh6+ Kg7 26. h4 d5 27. h5 Bc5+ 28. Kh1 Nc6 29. b4 Bb6 30. Rf1 {1-0 Kosov,I (2405)-Bazeev,G (2129) RUS-chT Clubs U18 2008 (2)}) 16. Bg2 Re8 17. Bxh6 gxh6 18. Nxh6+ Kg7 19. g5 Ng8 20. Qh5 Bxg5 21. Qxf7+ Kh8 22. Nf5 Qf6 23. Qxf6+ Nxf6 24. Nxd6 Re7 25. Nxb7 e4 26. Nd6 Rd8 27. Nxe4 Rde8 28. f3 Nd4 29. Rad1 Nxc2 30. Re2 Ne3 31. Rd6 Nxe4 32. fxe4 Rg8 33. h4 Bf4 34. Rf6 Reg7 35. Rxf4 Nxg2 36. Rff2 Nf4+ 37. Kh2 Nxe2 38. Rxe2 Re8 0-1

[Event "Olympiad Women 2024"]
[Site "Budapest HUN"]
[Date "2024.09.20"]
[Round "9.19"]
[Board "2"]
[White "Berzina, Ilze"]
[Black "Babic, Milana"]
[Result "1/2-1/2"]
[WhiteElo "2200"]
[BlackElo "2080"]
[PlyCount "71"]
[EventDate "2024.09.11"]
[WhiteTeam "Latvia"]
[BlackTeam "Bosnia & Herzegovina"]
[WhiteTeamCountry "LAT"]
[BlackTeamCountry "BIH"]

1. e4 c6 2. Nc3 d5 3. Nf3 dxe4 4. Nxe4 Nf6 5. Qe2 Nxe4 6. Qxe4 Nd7 7. Bc4 Nf6 8. Ne5 e6 9. Qe2 Bd6 10. O-O Qc7 11. d4 h6 ({RR} 11... O-O 12. Nf3 b6 13. c3 Bb7 14. Bg5 Nd5 15. Bd3 Nf4 16. Bxf4 Bxf4 17. Ne5 g6 18. Rad1 Bh6 19. Be4 Bg7 20. Bf3 Rac8 21. Nc4 Rfd8 22. Ne3 Qb8 23. Rfe1 Qa8 24. Qc4 a5 25. a4 Qa6 26. Qxa6 {1-0 Tao,S (2041)-Gonzalez Zharikov,A (1985) Titled Tue 2nd Jan Late 2024 (2)}) 12. Bf4 b5 13. Bb3 $146 ({RR} 13. Bd3 Bb7 14. Bg3 O-O 15. Rac1 Nd7 16. c4 bxc4 17. Bxc4 Bxe5 18. dxe5 c5 19. f4 Nb6 20. Bd3 c4 21. Bb1 Rad8 22. f5 exf5 23. Bxf5 Qc5+ 24. Kh1 Bc8 25. Bb1 Qc6 26. Qc2 g6 27. Rf6 Qd7 {1-0 Song,T (1719)-Hu,Z (1626) ch-CHN Personal GpB m 2023 (4.29)}) 13... O-O 14. c3 Bb7 15. Bg3 Rfe8 16. Rfe1 a6 17. Bh4 Nd5 18. Bc2 c5 19. Bg3 cxd4 20. Qd3 f5 21. Qxd4 Rad8 22. Qh4 Nf6 23. Bb3 Kh7 24. Qh3 Be4 25. Nf3 Bxf3 26. Bxd6 Rxd6 27. Qxf3 g6 28. Rad1 Rxd1 29. Rxd1 e5 30. Qd3 Ne4 31. Qd7+ Re7 32. Qd5 Rg7 33. Bc2 Nc5 34. Bb3 Ne4 35. Bc2 Nc5 36. Bb3 1/2-1/2

[Event "Olympiad Women 2024"]
[Site "Budapest HUN"]
[Date "2024.09.20"]
[Round "9.19"]
[Board "3"]
[White "Jacimovic, Sara"]
[Black "Ter-Avetisjana, Agnesa Stepania"]
[Result "0-1"]
[WhiteElo "1981"]
[BlackElo "2134"]
[PlyCount "166"]
[EventDate "2024.09.11"]
[WhiteTeam "Bosnia & Herzegovina"]
[BlackTeam "Latvia"]
[WhiteTeamCountry "BIH"]
[BlackTeamCountry "LAT"]

1. e4 c6 2. d4 d5 3. Nc3 dxe4 4. Nxe4 Bf5 5. Ng3 Bg6 6. Bc4 e6 7. N1e2 Bd6 8. Nf4 Qc7 9. Qf3 ({RR} 9. Nxg6 hxg6 10. Qf3 Nf6 11. c3 Nbd7 12. Bg5 O-O-O 13. O-O Rh7 14. Rfe1 Rdh8 15. h3 Nb6 16. Bb3 Nh5 17. Ne4 Bf4 18. Bxf4 Nxf4 19. Ng5 Rh4 20. Nxf7 Qxf7 21. Bxe6+ Qxe6 22. Rxe6 Nxe6 23. Qf7 Nf4 {1-0 Guliyev,N (2560)-Fridman,D (2621) EU-ch blitz Ajaccio 2007 (28)}) 9... Bxf4 ({RR} 9... Bxc2 10. O-O Ne7 11. Bxe6 fxe6 12. Nxe6 Qd7 13. Nxg7+ Kd8 14. Re1 Na6 15. Ne6+ Kc8 16. Bg5 Nd5 17. Rac1 Re8 18. Qf5 Nac7 19. Rxc2 Rxe6 20. Rxe6 Qxe6 21. Qxh7 b6 22. Re2 Qd7 23. Qxd7+ Kxd7 24. Nf5 {1-0 Lauridsen,J (2215)-Belenkaya,D (2293) Titled Tuesday intern op 16th Mar blitz 2021 (8)}) 10. Bxf4 Qb6 $146 ({RR} 10... Qe7 11. c3 Nf6 12. O-O O-O 13. Rfe1 Nbd7 14. Rad1 Nb6 15. Bb3 a5 16. a3 Nbd5 17. Bg5 h6 18. Bh4 a4 19. Ba2 b5 20. Bxd5 cxd5 21. Rd2 Rfd8 22. Nh5 Bxh5 23. Bxf6 Qxf6 24. Qxh5 Kh7 25. Re3 {1-0 Zhaltsanov,I-Maximov,V (1898) Ulan-Ude op 2010 (2)}) 11. O-O-O Nf6 12. Bd6 Nbd7 13. Rhe1 Qa5 14. h4 h6 15. Re3 Nd5 16. Re2 N7f6 17. h5 Bh7 18. Kb1 Rd8 19. Be5 O-O 20. Bd3 c5 21. Bxh7+ Nxh7 22. Ne4 f6 23. Bd6 f5 24. Bxf8 fxe4 25. Qxe4 Nxf8 26. c4 Nf6 27. Qe5 Qa4 28. b3 Qc6 29. f3 b5 30. Rc2 bxc4 31. Rxc4 Rd5 32. Qb8 Qd7 33. Rdc1 Rxd4 34. Rxc5 Rd2 35. R5c2 Qd3 36. Kb2 Qd4+ 37. Kb1 Qd3 38. Kb2 Qd4+ 39. Kb1 Nd5 40. Rxd2 Qxd2 41. Rc2 Qd1+ 42. Rc1 Qd3+ 43. Kb2 Qd4+ 44. Ka3 Nc3 45. Rxc3 Qxc3 46. Qxa7 Qc1+ 47. Kb4 Qd2+ 48. Kc4 Qd5+ 49. Kc3 Nd7 50. Qd4 Qa5+ 51. Kb2 Nf6 52. g4 Nd5 53. Qe5 Qd2+ 54. Ka3 Qc1+ 55. Ka4 Qc6+ 56. Ka3 Kf7 57. Kb2 Qc5 58. g5 hxg5 59. Qxg5 Qf2+ 60. Ka3 Qa7+ 61. Kb2 Qf2+ 62. Ka3 Qc5+ 63. Kb2 Qc3+ 64. Ka3 Qb4+ 65. Kb2 Qd4+ 66. Ka3 Nc3 67. b4 Qc4 68. Qg6+ Kf8 69. Qc2 Nb5+ 70. Kb2 Qxb4+ 71. Qb3 Qd2+ 72. Qc2 Qxc2+ 73. Kxc2 Nd4+ 74. Kd3 Nxf3 75. a4 Ne5+ 76. Kd4 Nd7 77. a5 Ke7 78. Ke4 Nc5+ 79. Ke5 Nd7+ 80. Kf4 Kf6 81. a6 e5+ 82. Ke3 Kf5 83. Kf3 Nb6 0-1

[Event "Olympiad Women 2024"]
[Site "Budapest HUN"]
[Date "2024.09.20"]
[Round "9.19"]
[Board "4"]
[White "Krumina, Linda"]
[Black "Mahmutbegovic Smajilbasic, Nadina"]
[Result "0-1"]
[WhiteElo "2091"]
[BlackElo "1973"]
[PlyCount "82"]
[EventDate "2024.09.11"]
[WhiteTeam "Latvia"]
[BlackTeam "Bosnia & Herzegovina"]
[WhiteTeamCountry "LAT"]
[BlackTeamCountry "BIH"]

1. d4 d5 2. Nf3 Nf6 3. e3 Bf5 4. c4 c6 5. cxd5 cxd5 6. Nc3 e6 7. Qb3 Qc7 8. Bd2 Nc6 9. Rc1 Be7 10. Be2 O-O 11. O-O ({RR} 11. Nh4 Be4 12. O-O h6 13. g3 Bh7 14. Ng2 Rac8 15. f3 Na5 16. Qa4 Nc4 17. Bxc4 dxc4 18. e4 Qb6 19. Qb5 Qxb5 20. Nxb5 a6 21. Nc3 b5 22. a3 Rfd8 23. Be3 g5 24. g4 Nd7 25. h4 Kg7 {½-½ Georgiou,K (2183)-Subelj,J (2508) 32nd Kavala Open 2023 (1.6)}) 11... h6 ({RR} 11... Rfc8 12. Na4 Ne4 13. h3 Rab8 14. Bb5 a6 15. Bxc6 bxc6 16. Qd1 Qa7 17. Bc3 f6 18. Nh4 Bg6 19. Nxg6 hxg6 20. Qe2 Qb7 21. b3 c5 22. dxc5 Nxc5 23. Nxc5 Bxc5 24. Bb2 Bd6 25. Qd3 Kf7 26. Rfd1 {1-0 Shipov,S (2588)-Bareev,E (2715) RUS Fed Internet Cup Final 5' blitz 2004 (15)}) 12. Ne5 $146 ({RR} 12. Rfd1 Rfc8 13. Na4 Ne4 14. Be1 Bd6 15. h3 Qe7 16. a3 g5 17. Nh2 Kg7 18. Nf1 Rc7 19. f3 Nf6 20. Nc3 a6 21. Bg3 Rac8 22. Re1 Bg6 23. Rcd1 b5 24. Bd3 Na5 25. Qc2 Bxd3 26. Rxd3 Bxg3 {½-½ Vo Dai Hoai,D (2248)-Tong,T (2151) Ho Chi Minh City HD Bank op-A 6th 2016 (7)}) 12... Rac8 13. Na4 Ne4 14. Be1 Bd6 15. f3 Nf6 16. g4 Bh7 17. Bg3 Nd7 18. Nxc6 bxc6 19. Bxd6 Qxd6 20. Nc5 Rb8 21. Qa3 e5 22. Nxd7 Qxd7 23. dxe5 Qe6 24. f4 f6 25. exf6 Qxf6 26. Bf3 Rxb2 27. Rxc6 Qxc6 28. Qxb2 Be4 29. Bxe4 dxe4 30. Rc1 Qd7 31. Qe2 Kh8 32. Kf2 Rd8 33. Rc4 Qe7 34. Kg3 Rd3 35. h4 Qe6 36. Rc5 Qd6 37. Re5 Qd4 38. Qf2 Rxe3+ 39. Kg2 Qd3 40. Kg1 Qd1+ 41. Kg2 Re2 0-1

[Event "Olympiad Women 2024"]
[Site "Budapest HUN"]
[Date "2024.09.20"]
[Round "9.20"]
[Board "1"]
[White "Partac, Elena"]
[Black "Narva, Mai"]
[Result "0-1"]
[WhiteElo "2078"]
[BlackElo "2420"]
[PlyCount "70"]
[EventDate "2024.09.11"]
[WhiteTeam "Moldova"]
[BlackTeam "Estonia"]
[WhiteTeamCountry "MDA"]
[BlackTeamCountry "EST"]

1. e4 c5 2. Nf3 d6 3. d4 cxd4 4. Qxd4 Nc6 5. Bb5 a6 6. Bxc6+ bxc6 7. Bg5 Qc7 8. Nc3 e5 9. Qd3 h6 10. Bh4 Ne7 $146 ({RR} 10... Be6 11. O-O-O g5 12. Bg3 Nf6 13. h4 g4 14. Nd2 Nh5 15. Nc4 Rd8 16. Ne3 Be7 17. Qe2 Rg8 18. Rd2 Kf8 19. Rhd1 Nf4 20. Bxf4 exf4 21. Nf5 Bxf5 22. exf5 d5 23. Qxa6 Bxh4 24. Kb1 Bg5 25. f3 {0-1 Garcia,G (2127)-Demchenko,A (2599) Titled Tuesday intern op 01st June blitz 2021 (1)}) ({RR} 10... Be6 11. O-O Be7 12. Bxe7 Nxe7 13. Rfe1 O-O 14. Rad1 Rfd8 15. a3 a5 16. Nd2 Ng6 17. g3 d5 18. exd5 cxd5 19. Qe2 d4 20. Nce4 Qxc2 21. Rc1 Qxb2 22. Rc7 Qxa3 23. Rec1 Rac8 24. Qh5 Qxc1+ 25. Rxc1 {0-1 Muzzi,E (1938)-Chabris,C (2125) Titled Tuesday intern op 20th July blitz 2021 (6)}) 11. O-O-O Ng6 12. Bg3 Be7 13. h4 Bg4 14. h5 Nf8 15. Bh4 f6 16. Bg3 Ne6 17. Rde1 Nc5 18. Qe3 O-O 19. Nh4 Rfb8 20. Ng6 Rb7 21. f4 Rab8 22. f5 Rxb2 23. Rh4 d5 24. Rxg4 d4 25. Qxd4 Bd6 26. Qc4+ Kh7 27. Rd1 R2b4 28. Qe2 Rd8 29. Bf2 Qa5 30. Nf8+ Bxf8 31. Rxd8 Qxd8 32. Rg3 Qa5 33. Qg4 Rb8 34. Kd2 Na4 35. Qf3 Nxc3 0-1

[Event "Olympiad Women 2024"]
[Site "Budapest HUN"]
[Date "2024.09.20"]
[Round "9.20"]
[Board "2"]
[White "Olde, Margareth"]
[Black "Verbin, Valentina"]
[Result "1/2-1/2"]
[WhiteElo "2135"]
[BlackElo "2071"]
[PlyCount "63"]
[EventDate "2024.09.11"]
[WhiteTeam "Estonia"]
[BlackTeam "Moldova"]
[WhiteTeamCountry "EST"]
[BlackTeamCountry "MDA"]

1. d4 {Vidit,Santosh Gujrathi} Nf6 2. c4 e6 3. g3 ({RR} 3. Nf3) 3... d5 4. Nf3 dxc4 5. Bg2 c6 6. a4 ({RR} 6. Ne5 Bb4+ 7. Bd2 Be7 8. e3 b5 9. Nxc6 Nxc6 10. Bxc6+ Bd7 11. Bxa8 Qxa8 12. f3 e5 13. dxe5 Ng4 14. O-O Nxe5 15. Bc3 Nd3 16. b3 O-O 17. bxc4 bxc4 18. Nd2 Bh3 19. Nxc4 Bxf1 20. Kxf1 Rd8) 6... Bb4+ ({RR} 6... c5 7. O-O Nc6 8. dxc5 Qxd1 9. Rxd1 Bxc5 10. Nbd2) 7. Bd2 ({RR} 7. Nbd2 b5) 7... a5 8. Qc2 Bxd2+ 9. Qxd2 b5 ({RR} 9... Ne4 10. Qf4 Qb6 11. O-O Qxb2 12. Ne5 O-O 13. Na3 Nc3 14. Qe3) 10. axb5 ({RR} 10. Na3 Bd7 11. Ne5 Nd5 12. e4 Nb4 13. O-O O-O 14. Rfd1 Be8 15. d5 Qd6 16. Ng4 Qc5 17. Ne3 N8a6 18. dxc6 bxa4 19. Naxc4 Bxc6 20. Rac1 h6 21. Nd6 Qa7 22. Ng4 Rad8 23. Nxh6+ gxh6 24. Qxh6 f6) 10... cxb5 11. Qg5 O-O 12. Qxb5 Ba6 ({RR} 12... Qd5 13. Nc3 Qxb5 14. Nxb5 Bb7 15. O-O Nbd7 16. Nd6 Bd5 17. Nd2 Nb6 18. Rfc1 Rfd8 19. N6xc4 Nxc4 20. Nxc4 Bxg2 21. Kxg2 Rxd4 22. Rxa5 Rb8 23. Ne5 Rd2 24. Rb5 Ra8 25. Kf3 h5 26. Nd3 Nd5 27. Rxd5 {1-0 Volkov,M (2306)-Tykheev,A (1826) Korchnoi Mem Open 2024 (2.83)}) 13. Qc5 $146 ({RR} 13. Qa4 Qb6 14. O-O ({RR} 14. Nbd2 Bb5 ({RR} 14... Qxb2 15. Rb1 Qc3 16. O-O) 15. Qa3 Nc6) 14... Bb5 ({RR} 14... Bb5) 15. Qc2 Nc6 16. Na3 Nb4 17. Qd2 Rac8 18. Ne5 Rfd8 19. Nxb5 Qxb5 20. Rfd1 Ne8 21. Qf4 f6 22. Nf3 Nd5 23. Qe4 Rd6 24. Qc2 c3 25. bxc3 Nxc3 26. Re1 a4 27. e4 Qb3 {1-0 Song,J (2373)-Alinasab,M (2355) Sunway Formentera op 1st 2022 (9)}) ({RR} 13. Qxa5 Bb7 14. Qxd8 Rxa1 15. Qxf8+ Kxf8 16. O-O Ra2 17. Nbd2 Bxf3 18. Nxf3 Rxb2 19. Rc1 Rxe2 20. Rxc4 Nbd7 21. Rc7 Rb2 22. h3 Rb8 23. Ne5 Nxe5 24. dxe5 Ng8 25. Be4 g6 26. Ra7 Ne7 27. Ra5 {½-½ Samadov,R (2492)-Makridis,D (2356) World Youth U16 Olympiad 2023 (9.4)}) ({RR} 13. Qa4 Qb6 14. O-O Qxb2 15. Nbd2 Bb5 16. Nxc4 Bxa4 17. Nxb2 Bb5 18. Ne5 Ra7 19. Nbc4 Nbd7 20. Nxa5 ({RR} 20. Nc6 Rc7) ({RR} 20. Rfc1 Nxe5 21. dxe5 Bxc4 22. Rxc4 Nd7) ({RR} 20. Rxa5 Rxa5 21. Nxa5 Bxe2 22. Re1 Bh5) 20... Bxe2 21. Rfe1 Bh5 ({RR} 21... Bb5 22. Nb7 ({RR} 22. Reb1 Rb8 23. Bb7 Raxb7 ({RR} 23... Ba6) 24. Nxb7 Rxb7 25. Ra5 Ba6 26. Rxb7 Bxb7 27. Ra7) 22... Rxa1 23. Rxa1) 22. Nac6 Rxa1 ({RR} 22... Rc7 23. Rac1 ({RR} 23. Ne7+ Kh8 24. Rec1 Rxc1+ 25. Rxc1 g5 26. Rc7 Nxe5 27. dxe5 Ng8 28. Nc6 Bg6) ({RR} 23. Rec1) 23... Nb6 24. Rc5) 23. Rxa1 Nxe5 24. dxe5 Nd7 25. f4 Re8 26. Ra7 Nc5 27. Kf2 Kf8 {1-0 Vidit,S (2718)-Pichot,A (2600) FIDE World Cup 2019 (1.2)} ({RR} 27... h6)) ({RR} 13. Qxa5 Bb7 14. Qxd8 Rxa1 15. Qxf8+ Kxf8 16. O-O Ra2) 13... Nbd7 14. Qxa5 Bb7 15. Qxd8 Rxa1 16. Qxf8+ Kxf8 17. O-O Ra2 18. Nbd2 Rxb2 19. Nxc4 Rxe2 20. Nfd2 Bxg2 21. Kxg2 Ne4 22. Nxe4 Rxe4 23. Rd1 Re2 24. Kf3 Rc2 25. Ne5 Rc3+ 26. Kg2 Ke7 27. Ra1 f6 28. Nxd7 Kxd7 29. Ra7+ Rc7 30. Ra6 Ke7 31. Kf3 Kf7 32. h4 1/2-1/2

[Event "Olympiad Women 2024"]
[Site "Budapest HUN"]
[Date "2024.09.20"]
[Round "9.20"]
[Board "3"]
[White "Mihailova, Alina"]
[Black "Blokhin, Sofia"]
[Result "0-1"]
[WhiteElo "1969"]
[BlackElo "2036"]
[PlyCount "60"]
[EventDate "2024.09.11"]
[WhiteTeam "Moldova"]
[BlackTeam "Estonia"]
[WhiteTeamCountry "MDA"]
[BlackTeamCountry "EST"]

1. d4 f5 2. c4 Nf6 3. Nc3 g6 4. h4 d6 5. h5 Nxh5 6. e4 ({RR} 6. Rxh5 gxh5 7. e4 Be6 8. Be2 Bf7 9. Bxh5 Bxh5 10. Qxh5+ Kd7 11. Nf3 Qe8 12. Qh3 Bg7 13. exf5 Bf6 14. Bh6 Nc6 15. O-O-O Qf7 16. b3 a5 17. a4 Rag8 18. g4 Kd8 19. Nd5 e6 20. fxe6 Qxe6 {0-1 Topalov,V (2786)-Polgar,J (2686) Mexico City UNAM KO rapid 2010 (2.3)}) 6... Nf6 7. Bd3 e5 ({RR} 7... fxe4 8. Nxe4 Bg7 9. Nxf6+ exf6 10. Rxh7 Qe7+ 11. Kf1 f5 12. Rxh8+ Bxh8 13. Nf3 Nc6 14. Bg5 Qh7 15. Kg1 Nxd4 16. Nxd4 Bxd4 17. c5 Be5 18. Bb5+ Kf8 19. f4 Bxb2 20. cxd6 Qh8 21. Be7+ Kf7 22. Bc4+ {0-1 Gavrilov,M (2167)-Zarubitski,V (2402) E.M. Primakov Open Cup 2024 (6.2)}) 8. Bg5 exd4 $146 ({RR} 8... f4 9. Nf3 Nbd7 10. c5 Bg7 11. Qa4 h6 12. Bxf6 Bxf6 13. cxd6 c6 14. O-O-O Kf8 15. Be2 Qe8 16. dxe5 Nxe5 17. Nxe5 Bxe5 18. Nb5 cxb5 19. Bxb5 Qd8 20. d7 Kg7 21. Kb1 Qb6 22. Rd5 Kf6 23. Qa3 {½-½ Summerscale,A (2423)-Wall,G (2353) London MSO Masters 1999 (6)}) 9. Bxf6 Qxf6 10. Nd5 Qf7 11. exf5 Bxf5 12. Bxf5 gxf5 13. Nf3 Nc6 14. Ng5 Qg6 15. Nxc7+ Kd7 16. Nxa8 Qxg5 17. Qb3 Kc8 18. Kf1 Kb8 19. Re1 Be7 20. Nb6 axb6 21. Qxb6 Rg8 22. g3 h5 23. Rh4 Qg6 24. Rxd4 Bd8 25. Qb5 Nxd4 26. Qd5 f4 27. Qxd4 fxg3 28. fxg3 Qxg3 29. Re3 Qg1+ 30. Ke2 Rg2+ 0-1

[Event "Olympiad Women 2024"]
[Site "Budapest HUN"]
[Date "2024.09.20"]
[Round "9.20"]
[Board "4"]
[White "Olde, Grete"]
[Black "Petricenco, Ana"]
[Result "0-1"]
[WhiteElo "1952"]
[BlackElo "1894"]
[PlyCount "156"]
[EventDate "2024.09.11"]
[WhiteTeam "Estonia"]
[BlackTeam "Moldova"]
[WhiteTeamCountry "EST"]
[BlackTeamCountry "MDA"]

1. e4 c5 2. Nf3 d6 3. d4 cxd4 4. Qxd4 Nc6 5. Qd3 e6 6. c4 Nf6 7. Nc3 a6 8. Be2 Be7 9. O-O O-O 10. h3 $146 ({RR} 10. Rd1 Qd7 11. Bf4 Rd8 12. Rac1 b6 13. e5 dxe5 14. Nxe5 Nxe5 15. Bxe5 Qxd3 16. Rxd3 Rxd3 17. Bxd3 Nd7 18. Bg3 Nc5 19. Be2 Ra7 20. Rd1 Rd7 21. Rxd7 Nxd7 22. Bf3 Bd8 23. Bd6 f6 24. Bc6 Nf8 {1-0 Prochaieva,A (1247)-Liashkevich,L (1370) EU-ch U10 Girls 2019 (6)}) ({RR} 10. Bf4 Qc7 11. Rfd1 Ne5 12. Nxe5 dxe5 13. Bg3 b6 14. a3 Bb7 15. b4 Bc6 16. Rac1 Rfd8 17. Nd5 Qb7 18. Nxe7+ Qxe7 19. Qe3 Qc7 20. Rxd8+ Rxd8 21. f3 a5 22. b5 Bb7 23. c5 bxc5 24. Qxc5 Qxc5+ {1-0 Zhakan,E (1962)-Ciszewski,K (2090) 60th Rubinstein Mem Open 2024 (6.32)}) 10... b6 11. Be3 Bb7 12. a3 Rc8 13. b4 Nd7 14. Bf4 Nde5 15. Nxe5 dxe5 16. Bh2 Qxd3 17. Bxd3 Rfd8 18. Rfd1 Rd7 19. Bf1 Rcd8 20. Rdb1 Bd6 21. Na4 Bc7 22. c5 b5 23. Nc3 Nd4 24. a4 Bc6 25. axb5 axb5 26. Bg3 Rb8 27. Ra7 f6 28. f3 Kf7 29. Bf2 Ke8 30. Rd1 Kd8 31. Ra6 Ke7 32. Ra7 Kd8 33. Ra2 Ke7 34. Rad2 Rbd8 35. Bxd4 Rxd4 36. Rxd4 exd4 37. Ne2 e5 38. Ra1 Kd7 39. Nc1 Kc8 40. Kf2 Kb7 41. Nb3 Rb8 42. h4 Bd8 43. Bd3 Bc7 44. g4 Rf8 45. Kg3 Rb8 46. g5 f5 47. Kg2 f4 48. Kf2 Rc8 49. h5 Rg8 50. Bf1 Rd8 51. Bd3 Rg8 52. Nd2 Bd8 53. g6 h6 54. Nf1 Bh4+ 55. Kg2 Bd8 56. Nh2 Bc7 57. Ng4 Bd7 58. Kf2 Rh8 59. Be2 Rg8 60. Bd1 Be6 61. Be2 Bd7 62. Kg2 Rh8 63. Nf2 Rb8 64. Nd3 Be6 65. c6+ Kxc6 66. Nc5 Bc4 67. Kf2 Bd6 68. Ra6+ Rb6 69. Ra7 Bxc5 70. Rxg7 Bf8 71. Rh7 Rb7 72. Rh8 Bg7 73. Rc8+ Rc7 74. Rb8 d3 75. Bd1 d2 76. Ra8 Kd6 77. Be2 Ke7 78. Ra1 Kf6 0-1

[Event "Olympiad Women 2024"]
[Site "Budapest HUN"]
[Date "2024.09.20"]
[Round "9.21"]
[Board "1"]
[White "Kanakova, Natalie"]
[Black "Tan, Li Ting"]
[Result "0-1"]
[WhiteElo "2145"]
[BlackElo "2037"]
[PlyCount "128"]
[EventDate "2024.09.11"]
[WhiteTeam "Czech Republic"]
[BlackTeam "Malaysia"]
[WhiteTeamCountry "CZE"]
[BlackTeamCountry "MAS"]

1. e4 e5 2. Nf3 Nc6 3. d4 exd4 4. Bc4 Nf6 5. e5 d5 6. Bb5 Ne4 7. Nxd4 Bd7 8. Bxc6 bxc6 9. O-O Bc5 10. f3 Ng5 11. f4 Ne4 12. Be3 Bb6 13. Nd2 c5 14. N4f3 ({RR} 14. N4b3 Nxd2 15. Qxd2 d4 16. Bf2 Bc6 17. f5 Qd5 18. Bh4 c4 19. Qg5 d3+ 20. Kh1 O-O 21. f6 g6 22. Rg1 Kh8 23. Nd2 Bxg1 24. Rxg1 dxc2 25. Qh6 Rg8 26. Nf3 Qxf3 27. gxf3 Bxf3+ 28. Rg2 Rad8 {0-1 Jones,G (2671)-Neiksans,A (2574) Titled Tuesday intern op 01st Feb-A blitz 2022 (8)}) ({RR} 14. N4b3 Nxd2 15. Qxd2 d4 16. Bf2 Bc6 17. f5 Qd5 18. Bh4 c4 19. Nc1 c3 20. Qg5 f6 21. exf6 gxf6 22. Qh5+ Kd7 23. Qf3 Qxf3 24. gxf3 cxb2 25. Rb1 bxc1=Q 26. Rbxc1 Rhg8+ 27. Kh1 Rae8 28. c3 d3 {0-1 Szczepanek,R (2205)-Aashman,G (2235) Titled Tue 30th Jan Early 2024 (7)}) 14... Bg4 $146 ({RR} 14... Bf5 15. Nxe4 Bxe4 16. Ng5 Bf5 17. g4 Bc8 18. f5 h6 19. Nf3 d4 20. Bf4 Qd5 21. b3 Bb7 22. Qe2 d3 23. cxd3 c4+ 24. d4 cxb3 25. axb3 g5 26. fxg6 fxg6 27. Rad1 Rf8 {0-1 Praczukowski,S (2093)-Koziak,V (2479) Bialystok Zamenhof Memorial 35th rapid 2016 (1)}) ({RR} 14... c4 15. Bxb6 axb6 16. Nxe4 dxe4 17. Ng5 Bc6 18. e6 f6 19. Qxd8+ Rxd8 20. Nf7 Rd2 21. Rfd1 c3 22. bxc3 Rxc2 23. Rd8+ Ke7 24. Rxh8 e3 25. Re1 Rxg2+ 26. Kf1 {½-½ Schandorff,L (2430)-Hector,J (2515) Politiken Cup 16th 1994 (3)}) ({RR} 14... Bb5 15. c4 Nxd2 16. Nxd2 dxc4 17. Rf3 a5 18. Rg3 Qd3 19. Qf3 O-O-O 20. a4 Be8 21. Qa8+ Kd7 22. Qb7 Ke6 23. f5+ Kxf5 24. e6 Kxe6 25. Re1 Qd5 26. Bg5+ {1-0 Krainski,S (2168)-Rawicz,K (2110) Poznan op 15th 2006 (2)}) 15. h3 Bxf3 16. Qxf3 f5 17. Nxe4 fxe4 18. Qg4 Qe7 19. Rad1 c6 20. f5 Qxe5 21. Bf4 c4+ 22. Kh1 Qe7 23. Qg3 Qf7 24. f6 g6 25. Bd6 O-O-O 26. Be7 Rd7 27. c3 Re8 28. Qg4 Bd8 29. Bxd8 Kxd8 30. Qf4 Kc8 31. b3 cxb3 32. Rb1 Rb7 33. Qd6 Re6 34. Qc5 bxa2 35. Rxb7 Kxb7 36. Ra1 Rxf6 37. Rxa2 Ka8 38. Rb2 Rf1+ 39. Kh2 Qc7+ 40. g3 Rf3 41. Kh1 Qd7 42. Kg2 h5 43. h4 Qc7 44. Kh1 e3 45. c4 Rf2 46. Rb1 Qd7 47. Kg1 d4 48. Ra1 Rf5 49. Rxa7+ Qxa7 50. Qxc6+ Qb7 51. Qa4+ Kb8 52. Qe8+ Ka7 53. Qa4+ Kb6 54. c5+ Kxc5 55. Qa5+ Kd6 56. Qd8+ Qd7 57. Qb6+ Ke7 58. Qxg6 e2 59. Qg7+ Rf7 60. Qg5+ Kd6 61. Qd2 Rf1+ 62. Kh2 Rh1+ 63. Kg2 Qc6+ 64. Kf2 Rh2+ 0-1